Normal view
MARC view
- الامن المائي-البلاد العربية
Entry Topical Term
001 - CONTROL NUMBER
- control field: 16489
003 - CONTROL NUMBER IDENTIFIER
- control field: JO-AjAnu
005 - DATE AND TIME OF LATEST TRANSACTION
- control field: 20230606072929.0
008 - FIXED-LENGTH DATA ELEMENTS
- fixed length control field: 230606|| aca||aabn | a|a d
040 ## - CATALOGING SOURCE
- Original cataloging agency: JO-AjAnu
- Transcribing agency: JO-AjAnu
150 ## - HEADING--TOPICAL TERM
- Topical term or geographic name entry element: الامن المائي-البلاد العربية
670 ## - SOURCE DATA FOUND
- Source citation: Work cat.: (JO-AjAnu)8468: مركز الدراسات العربي الأوروبي , author 16488, الأمن المائي العربي : أعمال المؤتمر الدولي الثامن الذي نظمه مركز الدراسات العربي-الأوروبي من 21 إلى 3 شباط عام 2000 في القاهرة